000 004480000a22001930004500
005 20120302052815.0
942 _cBOOK
100 _a Hill, Napolean
245 _a Grow rich! with peace of mind
260 _a-:
_bNapoloon Hill,
_c1967
300 _aviii,221p
040 _aENG
365 _bRs.
650 _aHistory
650 _aHistory-Civilization
650 _aBasic Mental Attitude
650 _aMaster Money
650 _aHealth Eqo
999 _c341133
_d341130